[Event "Hastings International Chess Congress"]
[Site "?"]
[Date "2013.12.31"]
[Round "4.5"]
[White "Marusenko, Petr"]
[Black "Sarkar, Justin"]
[Result "0-1"]
[LiveChessVersion "1.4"]
[BlackElo "2425"]
[WhiteElo "2189"]

1. d4 Nf6 2. c4 e6 3. Nc3 Bb4 4. e3 b6 5. Nge2 c5 6. a3 Ba5 7. Rb1 Na6 8. Bd2 O-O
9. Nf4 Bb7 10. Bd3 Bxc3 11. Bxc3 cxd4 12. exd4 d5 13. b3 Qd6 14. Qc1 Rac8 15. O-O
dxc4 16. bxc4 Be4 17. Bxe4 Nxe4 18. Ba1 Qc7 19. Qe3 Nd6 20. Rbc1 Nxc4 21. Qg3 Qd6
22. Qg4 g6 23. d5 exd5 24. Rfd1 Rc5 25. Nd3 Rc6 26. Nf4 Rc5 27. Nd3 Rc6 28. Nf4
Nc7 29. Rc3 Re8 30. Rh3 f5 31. Qg3 Re4 32. Rh4 Ne6 33. Nh5 Qxg3 34. Nf6+ Kf8 35.
hxg3 Rxh4 36. gxh4 d4 37. Nxh7+ Kg8 38. Ng5 Nxg5 39. hxg5 Nxa3 40. Kf1 Nc2 41.
Ke2 Nxa1 42. Rxa1 Rc2+ 43. Kd3 Rxf2 44. Rxa7 Rxg2 45. Kxd4 Rxg5 46. Ke5 Rg2 47.
Kf6 f4 0-1

[Event "Hastings International Chess Congress"]
[Site "?"]
[Date "2013.12.31"]
[Round "4.3"]
[White "Mu, Ke"]
[Black "Lenier, Jude A"]
[Result "1-0"]
[LiveChessVersion "1.4.2"]
[BlackElo "2082"]
[WhiteElo "2302"]

1. c4 {[%clk 1:40:56]} Nf6 {[%clk 1:40:51]} 2. Nc3 {[%clk 1:41:18]} g6
{[%clk 1:41:08]} 3. g3 {[%clk 1:41:33]} Bg7 {[%clk 1:41:23]} 4. Bg2
{[%clk 1:41:56]} O-O {[%clk 1:41:28]} 5. d4 {[%clk 1:42:16]} d6 {[%clk 1:41:37]}
6. Nf3 {[%clk 1:42:40]} Nbd7 {[%clk 1:40:35]} 7. O-O {[%clk 1:43:01]} e5
{[%clk 1:39:57]} 8. e4 {[%clk 1:43:24]} Re8 {[%clk 1:39:04]} 9. h3
{[%clk 1:42:26]} exd4 {[%clk 1:35:20]} 10. Nxd4 {[%clk 1:42:53]} Ne5
{[%clk 1:34:04]} 11. b3 {[%clk 1:42:43]} Bd7 {[%clk 1:32:37]} 12. Be3
{[%clk 1:41:43]} a6 {[%clk 1:30:48]} 13. a4 {[%clk 1:41:49]} Rb8 {[%clk 1:25:35]}
14. Re1 {[%clk 1:39:10]} Qc8 {[%clk 1:17:47]} 15. Kh2 {[%clk 1:36:41]} c5
{[%clk 1:17:15]} 16. Nde2 {[%clk 1:36:46]} Bc6 {[%clk 1:13:01]} 17. Ra2
{[%clk 1:19:05]} b5 {[%clk 1:00:49]} 18. cxb5 {[%clk 1:15:07]} axb5
{[%clk 1:01:04]} 19. axb5 {[%clk 1:15:32]} Bxb5 {[%clk 1:01:24]} 20. Nxb5
{[%clk 1:15:44]} Rxb5 {[%clk 1:01:46]} 21. Qxd6 {[%clk 1:16:01]} Rxb3
{[%clk 1:01:02]} 22. Nc1 {[%clk 1:13:47]} Rb5 {[%clk 0:53:29]} 23. Qd1
{[%clk 1:12:01]} c4 {[%clk 0:49:49]} 24. f4 {[%clk 1:08:21]} Neg4+
{[%clk 0:37:07]} 25. hxg4 {[%clk 1:08:49]} Nxg4+ {[%clk 0:37:28]} 26. Kg1
{[%clk 1:09:18]} Nxe3 {[%clk 0:37:38]} 27. Rxe3 {[%clk 1:09:43]} Qc5
{[%clk 0:35:06]} 28. Rae2 {[%clk 1:07:59]} Bd4 {[%clk 0:35:11]} 29. Kf2
{[%clk 1:06:45]} Rd8 {[%clk 0:34:23]} 30. Kf3 {[%clk 1:03:13]} Rd6
{[%clk 0:29:21]} 31. Qc2 {[%clk 0:59:12]} c3 {[%clk 0:19:00]} 32. Rd3
{[%clk 0:50:11]} Rb2 {[%clk 0:14:38]} 33. Qa4 {[%clk 0:48:34]} f5
{[%clk 0:11:19]} 34. Qa8+ {[%clk 0:46:57]} Kg7 {[%clk 0:10:29]} 35. exf5
{[%clk 0:47:11]} Ra6 {[%clk 0:03:14]} 36. Qe4 {[%clk 0:45:38]} Rxe2
{[%clk 0:01:35]} 37. Nxe2 {[%clk 0:45:45]} Bg1 {[%clk 0:01:41]} 38. Nxg1
{[%clk 0:44:50]} Ra7 {[%clk 0:01:31]} 39. Qe5+ {[%clk 0:44:10]} Qxe5
{[%clk 0:01:53]} 40. fxe5 {[%clk 0:44:38]} Ra3 {[%clk 0:01:39]} 41. f6+
{[%clk 0:44:36]} Kf7 {[%clk 0:01:53]} 42. Ne2 {[%clk 0:44:58]} c2
{[%clk 0:02:12]} 43. Rxa3 {[%clk 0:45:11]} 1-0